British Railways Board v SoS Environment and others (Record no. 10442)

MARC details
000 -LEADER
fixed length control field 01301cab a2200229 4500
001 - CONTROL NUMBER
control field X1259
008 - FIXED-LENGTH DATA ELEMENTS--GENERAL INFORMATION
fixed length control field 090401t1994 xxu||||| |||| 00| 0 eng d
035 ## - SYSTEM CONTROL NUMBER
System control number (Sirsi) u15861
041 ## - LANGUAGE CODE
Language code of text/sound track or separate title eng
245 ## - TITLE STATEMENT
Title British Railways Board v SoS Environment and others
260 ## - PUBLICATION, DISTRIBUTION, ETC.
Date of publication, distribution, etc. 1994
350 ## - PRICE (NR) (BK AM CF MU VM SE) [OBSOLETE]
Price 0
490 ## - SERIES STATEMENT
Series statement Journal of Planning and Environment Law
Volume/sequential designation 1994 JPL 32-40(9)
520 ## - SUMMARY, ETC.
Summary, etc. Outline planning permission - housing development - former marshalling yard vehicular access on land not owned by applicant - Grampian condition - no reasonable prospect of fulfilment of the condition within five year life span of permission - HL held that Jones v SoS Wales and Ogwr BC was wrongly decided and had to be overruled - if a condition was negative in character and appropriate in the light of sound planning prinicples, the fact that it appeared to have no reasonable prospects of being implemented did not mean that the grant of planning permission would be irrational in the Wednesbury sense so that it would be unlawful to grant it. (Headnote on journal)
650 ## - SUBJECT ADDED ENTRY--TOPICAL TERM
Topical term or geographic name entry element GRAMPIAN CONDITIONS
650 ## - SUBJECT ADDED ENTRY--TOPICAL TERM
Topical term or geographic name entry element JONES V SOS WALES AND OGWR BC
650 ## - SUBJECT ADDED ENTRY--TOPICAL TERM
Topical term or geographic name entry element OUTLINE PLANNING PERMISSION
650 ## - SUBJECT ADDED ENTRY--TOPICAL TERM
Topical term or geographic name entry element VEHICULAR ACCESS
690 ## - LOCAL SUBJECT ADDED ENTRY--TOPICAL TERM (OCLC, RLIN)
Topical term or geographic name as entry element PLANNING LAW AND PRACTICE-CASE LAW
942 ## - ADDED ENTRY ELEMENTS (KOHA)
Suppress in OPAC 0
948 ## - LOCAL PROCESSING INFORMATION (OCLC); SERIES PART DESIGNATOR (RLIN)
c (OCLC) 04/03/1997
Holdings
Withdrawn status Lost status Source of classification or shelving scheme Damaged status Not for loan Home library Current library Shelving location Date acquired Total Checkouts Full call number Barcode Date last seen Copy number Price effective from Koha item type
    Dewey Decimal Classification     London London Journal article 14/09/1999   X1259 15861-1001 06/08/2019 1 06/08/2019 Law report